The last battle / (Record no. 399)

MARC details
000 -LEADER
fixed length control field 00680nam a22002417a 4500
001 - CONTROL NUMBER
control field 399
003 - CONTROL NUMBER IDENTIFIER
control field FISKH
005 - DATE AND TIME OF LATEST TRANSACTION
control field 20240108141657.0
008 - FIXED-LENGTH DATA ELEMENTS--GENERAL INFORMATION
fixed length control field 230407b cb ||||| |||| 00| 0 eng d
040 ## - CATALOGING SOURCE
Original cataloging agency FISKH
Language of cataloging eng
Transcribing agency FISKH
Modifying agency FISKH
050 ## - LIBRARY OF CONGRESS CALL NUMBER
Classification number PZ7.L58474
082 ## - DEWEY DECIMAL CLASSIFICATION NUMBER
Classification number 813
100 ## - MAIN ENTRY--PERSONAL NAME
Personal name Lewis, C.S.
Dates associated with a name 1898-1963
Fuller form of name Clive Staples Lewis
245 ## - TITLE STATEMENT
Title The last battle /
Statement of responsibility, etc. C.S. Lewis ; illustrated by Pauline Baynes
250 ## - EDITION STATEMENT
Edition statement First scholastic printing, January 1995
260 ## - PUBLICATION, DISTRIBUTION, ETC.
Place of publication, distribution, etc. New York :
Name of publisher, distributor, etc. Scholastic,
Date of publication, distribution, etc. 1995
300 ## - PHYSICAL DESCRIPTION
Extent 211 pages :
Dimensions 20cm
490 ## - SERIES STATEMENT
Series statement The chronicles of narnia
505 ## - FORMATTED CONTENTS NOTE
Formatted contents note Q
521 8# - TARGET AUDIENCE NOTE
Target audience note 890 <br/>
Source Lexile
521 8# - TARGET AUDIENCE NOTE
Target audience note Q <br/>
Source Raz-Plus
942 ## - ADDED ENTRY ELEMENTS (KOHA)
Source of classification or shelving scheme Dewey Decimal Classification
Koha item type Books
Suppress in OPAC No
Holdings
Withdrawn status Lost status Source of classification or shelving scheme Damaged status Not for loan Collection Home library Current library Shelving location Date acquired Total Checkouts Full call number Barcode Date last seen Copy number Price effective from Koha item type Date last checked out
    Dewey Decimal Classification     Non-Fiction Footprints International School Library Network Toul Kork Campus Footprints International School Library Network Toul Kork Campus A TK Campus, 4th Floor, Room B401, Non-Fiction Bookcases(7-8) 04/07/2023   LEW 813 PZ7.L58474 FISTK04750 04/07/2023 1 04/07/2023 Books  
    Dewey Decimal Classification     Non-Fiction Footprints International School Library Network Toul Kork Campus Footprints International School Library Network Toul Kork Campus TTP Secondary Non-Fiction Bookshelves 04/07/2023 1 LEW 813 PZ7.L58474 FISSE00642 12/12/2023 2 04/07/2023 Books 12/05/2023
    Dewey Decimal Classification     Non-Fiction Footprints International School Library Network Toul Kork Campus Footprints International School Library Network Toul Kork Campus TTP Secondary Non-Fiction Bookshelves 04/07/2023   LEW 813 PZ7.L58474 FISSE00643 08/09/2023 3 04/07/2023 Books